000 00645nam a2200241Ia 4500
003 OSt
005 20221005090452.0
006 a|||||r|||| 00| 0
007 ta
008 221004b |||||||| |||| 00| 0 eng d
024 _a30941
037 _cTextual
040 _aCRL
_cCRL
_beng
041 _2eng
_aeng
082 _a2;13, L9
100 _aHoffmann Frank W
_9196959
245 0 _aDevelopment of library collections of sound recordings
260 _aNew York
_bMarcel Dekker
_c1979
300 _a169p
_ccm.
650 _aLIBRARY SCIENCE
942 _h2;13, L9
_cTEXL
_2cc
999 _c995852
_d995852